000
00248nam a22001217a 4500
008
170424b xxu||||| |||| 00| 0 eng d
041
_a
eng
080
_a
54
100
_a
12
101
_a
SHN
245
_a
AQUAMETRY
_c
MITCHELL.J
942
_2
udc
_c
BK
999
_c
11762
_d
11762